Principais patrocinadoras das equipes de F1 - Statistics

Estatísticas Gerais
  • Esse quiz foi jogado 20 vezes
  • A pontuação média é 5 de 10
Estatísticas das Respostas
Equipe Patrocinador % Correto
Racing Bulls Hugo/Visa/Cash/Red Bull
94%
Sauber Kick/Stake
69%
Ferrari HP/Shell
63%
Mercedes Petronas
50%
Red Bull Oracle
44%
Aston Martin Aramco
38%
Williams Atlassian/Komatsu
31%
Alpine BWT
25%
Haas Moneygram
25%
McLaren OKX/Gemini/Android
13%
Nenhum quiz correspondente encontrado
Distribuição das Pontuações
Porcentagem de Pessoas com Cada Pontuação
Percentil de Números Respondidos
Sua Pontuação Histórica
Você não jogou esse quiz